| 000 | 00672nam a22002057a 4500 | ||
|---|---|---|---|
| 005 | 20100807102016.0 | ||
| 010 | _aENG-98778 | ||
| 020 |
_a9788190630160 _c100.00 |
||
| 035 | _aEN-82310 | ||
| 037 | _bDBAD/PUB | ||
| 082 | _a660 | ||
| 100 |
_aElengovan, K. _98197 |
||
| 245 |
_aApplied chemistry-II / _cby K. Elengovan |
||
| 260 |
_aKaraikudi _bNational Pathippaham _c1994 |
||
| 270 |
_a19,Church Fourth Street,T.T Nagar _bKaraikudi _e630001 |
||
| 300 |
_a476p.: _bill. _c23cm (pbk) |
||
| 650 |
_aChemistry _98198 |
||
| 942 |
_2ddc _cEN _h660 _mELA |
||
| 999 |
_c39950 _d39950 |
||